000 00620nam a2200217Ia 4500
003 OSt
005 20220918225024.0
006 a|||||r|||| 00| 0
007 ta
008 220917b |||||||| |||| 00| 0 eng d
024 _a236,193
037 _cTextual
040 _aARTS
_cARTS
_beng
041 _2eng
_aeng
082 _aP0oT4r, J9
245 0 _aBlue - print committee on the development on linguistic studies in Indian universities
_b Report
260 _aPoona
_bLinguistic Society of India India
_c1959
300 _a83p.
_ccm.
942 _hP0oT4r, J9
_cTEXL
_2CC
999 _c283139
_d283139